| 000 | 00382nam a22001457a 4500 | ||
|---|---|---|---|
| 082 |
_a692.5 _bBHA _cL-16, P-49 |
||
| 100 |
_aBhasin, P, L. _945511 |
||
| 245 |
_aQuantity surveying _cP.L. Bhasin |
||
| 250 | _a2nd | ||
| 260 |
_aDelhi _bS.Chand & Company Ltd _c1977 |
||
| 300 | _axiii, 293 p. : | ||
| 526 |
_a0 _b0 _c0 _d692_500000000000000_BHA |
||
| 650 |
_aMCE _9379 |
||
| 942 |
_2ddc _cBK |
||
| 999 |
_c549016 _d549016 |
||